Largest Islands of the Mediterranean Quiz Stats

Quiz Updated Feb 22, 2015

Challenge
Share
Tweet
Score 0/9 Timer 03:00
0 Plays Today
% Correct
Cyprus
95.5%
Sicily
94.7%
Crete
85.9%
Corsica
80.4%
Sardinia
79%
Majorca
62.6%
Rhodes
49.6%
Lesbos
39%
Euboea
15%

You're not logged in!

Compare scores with friends on all Sporcle quizzes.
Join for Free
OR
Log In

You Might Also Like...

Show Comments

Extras

Top Quizzes Today


Score Distribution

Your Account Isn't Verified!

In order to create a playlist on Sporcle, you need to verify the email address you used during registration. Go to your Sporcle Settings to finish the process.

Report this User

Report this user for behavior that violates our Community Guidelines.

Details: